| 000 | 00791nam a2200265 a 4500 | ||
|---|---|---|---|
| 001 | BRL_1205 | ||
| 005 | 20190320211101.0 | ||
| 008 | 281113s1975----sp-ao#####---#000-0#spa-# | ||
| 020 | _a8434574349 | ||
| 041 | _aspa | ||
| 044 | _asp | ||
| 050 | 4 |
_aCB251 _b.O75 1975 |
|
| 245 | 1 | 0 |
_aOriente y occidente _cPersonalidad Entrevistada: Joseph Needham ; Texto: Jean R. Riviere. |
| 260 |
_aBarcelona _bSalvat Editores _c1975 |
||
| 300 |
_a141 p. _bil. _c20 cm. |
||
| 440 | 0 |
_aBiblioteca salvat de grandes temas _v76 _926109 |
|
| 500 | _aAu1391 | ||
| 650 | 1 | 4 |
_aOriente y occidente _911149 |
| 650 | 1 | 4 |
_aCivilización oriental _926110 |
| 650 | 1 | 4 |
_aCivilización occidental _926111 |
| 700 | 1 |
_aNeedham, Joseph _926112 |
|
| 700 | 1 |
_aRiviere, Jean R. _926113 |
|
| 902 | _aGRL | ||
| 942 |
_2lcc _cB |
||
| 999 |
_c10017 _d10017 |
||